C Countries - Statistics

General Stats
  • This quiz has been taken 67 times
  • The average score is 12 of 15
Answer Stats
Hint Answer % Correct
Asia Cambodia
92%
Europe Croatia
92%
South America Colombia
89%
North America Canada
87%
South America Chile
87%
Africa Cameroon
83%
Asia China
83%
Europe Czech Republic
83%
Africa Chad
79%
North America Cuba
79%
Asia Cyprus
70%
Africa Central African Republic
68%
Africa Comoros
68%
North America Costa Rica
66%
Africa Cape Verde
60%
No matching quizzes found
Score Distribution
Percent of People with Each Score
Percentile by Number Answered
Your Score History
You have not taken this quiz